Արեւելահայ բանասիրութիւնը եւ Էջմիածին : (Record no. 100326)
[ view plain ]
| 000 -LEADER | |
|---|---|
| fixed length control field | 01007nam a2200229 a 4500 |
| 001 - CONTROL NUMBER | |
| control field | 000275583 |
| 003 - CONTROL NUMBER IDENTIFIER | |
| control field | AM-YEHGA |
| 005 - DATE AND TIME OF LATEST TRANSACTION | |
| control field | 20251008110518.0 |
| 008 - FIXED-LENGTH DATA ELEMENTS--GENERAL INFORMATION | |
| fixed length control field | 031023s1948 le ||||fr|||||000|0|arm|| |
| 040 ## - CATALOGING SOURCE | |
| Original cataloging agency | AM-YEHGA |
| 041 0# - LANGUAGE CODE | |
| Language code of text/sound track or separate title | arm |
| 100 1# - MAIN ENTRY--PERSONAL NAME | |
| Personal name | Օշական, Հակոբ, |
| Dates associated with a name | 1883-1948 |
| 9 (RLIN) | 4922 |
| 245 10 - TITLE STATEMENT | |
| Title | Արեւելահայ բանասիրութիւնը եւ Էջմիածին : |
| Remainder of title | Գարեգին կթղկ. Յովսէփեան / |
| Statement of responsibility, etc. | Յակոբ Օշական. |
| 260 ## - PUBLICATION, DISTRIBUTION, ETC. | |
| Place of publication, distribution, etc. | Անթիլիաս : |
| Name of publisher, distributor, etc. | Կիլիկոյ կաթողիկոսութեան, |
| Date of publication, distribution, etc. | 1948. |
| 300 ## - PHYSICAL DESCRIPTION | |
| Extent | 214 էջ : |
| Other physical details | [1] թ. դիմանկ ; |
| Dimensions | 22 սմ. |
| 500 ## - GENERAL NOTE | |
| General note | Գիրքը թվայնացվել է Հայաստանի ազգային գրադարանում։ |
| 600 14 - SUBJECT ADDED ENTRY--PERSONAL NAME | |
| Personal name | Յովսեփյան, Գարեգին |
| 650 14 - SUBJECT ADDED ENTRY--TOPICAL TERM | |
| Topical term or geographic name entry element | Բանասիրություն |
| 650 14 - SUBJECT ADDED ENTRY--TOPICAL TERM | |
| Topical term or geographic name entry element | Հայ եկեղեցու գործիչներ |
| 9 (RLIN) | 4735 |
| 856 41 - ELECTRONIC LOCATION AND ACCESS | |
| Uniform Resource Identifier | <a href="http://haygirk.nla.am/upload/1941-/arevelahay_banasirutyuny_1948.pdf">http://haygirk.nla.am/upload/1941-/arevelahay_banasirutyuny_1948.pdf</a> |
| Link text | Կարդալ առցանց |
| 942 ## - ADDED ENTRY ELEMENTS (KOHA) | |
| Source of classification or shelving scheme | Universal Decimal Classification |
| Koha item type | Գրքեր / Books |
| Withdrawn status | Lost status | Source of classification or shelving scheme | Damaged status | Not for loan | Collection | Home library | Current library | Date acquired | Total checkouts | Full call number | Barcode | Date last seen | Price effective from | Koha item type | Public note | Copy number |
|---|---|---|---|---|---|---|---|---|---|---|---|---|---|---|---|---|
| Universal Decimal Classification | General | Fundamental Scientific Library | Fundamental Scientific Library | 22/12/2016 | AII/77794 | 220077794 | 22/12/2016 | 22/12/2016 | Գրքեր / Books | 30 Days Loan | ||||||
| Universal Decimal Classification | General | Fundamental Scientific Library | Fundamental Scientific Library | 22/12/2016 | AII/77795 | 220077795 | 22/12/2016 | 22/12/2016 | Գրքեր / Books | 30 Days Loan | ||||||
| General | Fundamental Scientific Library | Fundamental Scientific Library | 22/12/2016 | AII/77793 | FL0190632 | 22/12/2016 | 22/12/2016 | Գրքեր / Books | 30 Days Loan | 929:891.981 | ||||||
| Universal Decimal Classification | Alpoiajian Individual Collection | Fundamental Scientific Library | Fundamental Scientific Library | 13/01/2020 | Ալպ/4111 | FL0612819 | 13/01/2020 | 13/01/2020 | Գրքեր / Books | ILL Non-Circ. | ||||||
| Universal Decimal Classification | Zhamkochyan Individual collection | Fundamental Scientific Library | Fundamental Scientific Library | 05/09/2025 | Ժամ/1371 | FL0694568 | 05/09/2025 | 08/10/2025 | Գրքեր / Books | ILL Non-Circ. |
ՀՀ Գիտությունների ազգային ակադեմիայի հիմնարար գիտական գրադարան = Fundamental Scientific Library of NAS RA
All site content, except where otherwise noted, is licensed under a